Big 4 Sports Teams on a Map - Statistics

General Stats
  • This quiz has been taken 375 times
  • The average score is 99 of 124
Answers on the Map
Answers color-coded by a green-red scale on the quiz's map according to % correct below.
 
Answer Stats
Answer % Correct
Winnipeg Jets
94%
New York Jets
93%
Arizona Cardinals
91%
Athletics
91%
St. Louis Cardinals
91%
Jacksonville Jaguars
89%
New York Giants
89%
San Francisco Giants
89%
Carolina Panthers
88%
Cincinnati Reds
88%
Florida Panthers
88%
Miami Dolphins
88%
San Francisco 49ers
88%
Boston Red Sox
87%
Denver Nuggets
86%
Edmonton Oilers
86%
Houston Texans
86%
Los Angeles Dodgers
86%
Los Angeles Lakers
86%
Seattle Seahawks
86%
Atlanta Falcons
85%
Buffalo Bills
85%
Chicago White Sox
85%
Los Angeles Rams
85%
Dallas Cowboys
84%
Green Bay Packers
84%
Los Angeles Kings
84%
Miami Heat
84%
New England Patriots
84%
New Orleans Saints
84%
Sacramento Kings
84%
Tampa Bay Buccaneers
84%
Toronto Blue Jays
84%
Chicago Bears
83%
Detroit Lions
83%
Kansas City Chiefs
83%
Las Vegas Raiders
83%
Montreal Canadiens
83%
Oklahoma City Thunder
83%
Portland Trail Blazers
83%
San Antonio Spurs
83%
Seattle Mariners
83%
Utah Jazz
83%
Vancouver Canucks
83%
Washington Commanders
83%
Atlanta Hawks
82%
Chicago Cubs
82%
Los Angeles Clippers
82%
Minnesota Vikings
82%
New York Rangers
82%
Orlando Magic
82%
Philadelphia Eagles
82%
Texas Rangers
82%
Arizona Diamondbacks
81%
Boston Celtics
81%
Brooklyn Nets
81%
Denver Broncos
81%
Los Angeles Chargers
81%
New Orleans Pelicans
81%
Cincinnati Bengals
80%
Los Angeles Angels
80%
Miami Marlins
80%
Minnesota Twins
80%
New York Mets
80%
Pittsburgh Steelers
80%
San Diego Padres
80%
Atlanta Braves
79%
Cleveland Browns
79%
Detroit Tigers
79%
New York Yankees
79%
Tennessee Titans
79%
Vegas Golden Knights
79%
Baltimore Ravens
78%
Calgary Flames
78%
Cleveland Cavaliers
78%
Cleveland Guardians
78%
Colorado Rockies
78%
Houston Astros
78%
Indianapolis Colts
78%
Milwaukee Bucks
78%
Pittsburgh Penguins
78%
Toronto Raptors
78%
Charlotte Hornets
77%
Detroit Pistons
76%
Golden State Warriors
76%
Indiana Pacers
76%
Kansas City Royals
76%
Memphis Grizzlies
76%
Minnesota Timberwolves
76%
New York Knicks
76%
Ottawa Senators
76%
Philadelphia 76ers
76%
Phoenix Suns
76%
Pittsburgh Pirates
76%
Tampa Bay Rays
76%
Toronto Maple Leafs
76%
Boston Bruins
75%
Chicago Bulls
75%
Dallas Mavericks
75%
Houston Rockets
75%
Milwaukee Brewers
75%
Washington Nationals
75%
Anaheim Ducks
74%
Baltimore Orioles
74%
Dallas Stars
74%
Minnesota Wild
74%
San Jose Sharks
74%
Philadelphia Flyers
73%
Seattle Kraken
73%
New York Islanders
72%
Washington Wizards
72%
Carolina Hurricanes
71%
Colorado Avalanche
71%
Columbus Blue Jackets
71%
Detroit Red Wings
71%
Nashville Predators
71%
Philadelphia Phillies
71%
Tampa Bay Lightning
71%
Utah Mammoth
71%
Buffalo Sabres
70%
Washington Capitals
70%
New Jersey Devils
67%
Chicago Blackhawks
66%
St. Louis Blues
61%
No matching quizzes found
Score Distribution
Percent of People with Each Score
Percentile by Number Answered
Your Score History
You have not taken this quiz